000
00271nam a22001097a 4500
082
_a
621.381 FUN'D
100
_a
DEPARTMENTS OF AIR FORCE
_9
79914
245
_a
FUNDAMNETALS OF ELECTRONICS
260
_a
USA
_b
DEPARTMENTS OF AIR FORCE
_c
1955
300
_a
564P
942
_c
BK
999
_c
584895
_d
584895